Zmarli w 2024 roku - Statystyki

Ogólne statystyki
  • Ten quiz został rozwiązany 31 razy
  • Średni wynik to 7 z 16
Statystyki odpowiedzi
Opis Osoba % Poprawnych
Jeden z nawybitniejszych polskich trenerów piłkarskich, Oprócz polskich klubów, trenował także reprezentację podczas Euro 2012. Franciszek Smuda
79%
Niemiecki piłkarz i trener. Franz Beckenbauer
75%
Polska aktorka, znana głównie dzięki roli Haliny Kiepskiej. Marzena Kipiel-Sztuka
75%
Wybitny polski aktor, znany m.in. z Seksmisji, Kilera, Kingsajzu Jerzy Stuhr
67%
Wybitny polski aktor i satyryk, zasłynął z głownej roli w "Misiu" Stanisław Tym
67%
Polski aktor, satyryk, poseł na sejm, założyciel Polskiej Partii Przyjaciół Piwa. Janusz Rewiński
63%
39. prezydent USA Jimmy Carter
50%
Polski piłkarz i trener, legenda Legii Warszawa Lucjan Brychczy
46%
Rosyjski prawnik, działacz i więzień polityczny. Aleksiej Nawalny
42%
Polski poltyk. Był współzałożycielem ROPCiO oraz założycielem KPN. Leszek Moczulski
38%
Polska aktorka. Zasłynęła przede wszystkim z filmów "VaBank" czy "Matki, żony i kochanki II" Elżbieta Zającówna
33%
Polski reżyser filmowy, zasłynął m in. z filmu "C.K. Dezerterzy". Janusz Majewski
33%
Brytyjska aktorka, słynąca m.in. z roli Minerwy McGonagall w serii "Harry Potter" Maggie Smith
21%
Legenda polskiego dubbingu. Jako aktor dubbingowy wystąpił m.in. w "Potworach i Spółce" jako Mike Wazowski, czy "Madagaskarze" jako Maurice. Wojciech Paszkowski
17%
Polski piłkarz, uczestnik MŚ Jan Furtok
13%
Pianista, poeta i wokalista. Związany z krakowską Piwnicą pod Baranami. Kawaler Orderu Orła Białego Leszek Długosz
0%
Nie znaleziono quizów pasujących do podanych kryteriów
Rozkład punktacji
Procent ludzi z każdym wynikiem
Percentyl według liczby udzielonych odpowiedzi
Twoja historia wyników
Nie rozwiązałeś tego quizu